sena ke sangathan me jaati pratha ka sthan (Record no. 19877)
[ view plain ]
| 000 -LEADER | |
|---|---|
| fixed length control field | 00384nam a2200157Ia 4500 |
| 082 ## - DEWEY DECIMAL CLASSIFICATION NUMBER | |
| Classification number | TC.0038 |
| 100 ## - MAIN ENTRY--AUTHOR NAME | |
| Personal name | Chaudhuri, Chandeshwar |
| 245 #0 - TITLE STATEMENT | |
| Title | sena ke sangathan me jaati pratha ka sthan |
| 260 ## - PUBLICATION, DISTRIBUTION, ETC. (IMPRINT) | |
| Year of publication | 1971 |
| Name of publisher | Agra University |
| 300 ## - PHYSICAL DESCRIPTION | |
| Number of Pages | 273 |
| 650 ## - SUBJECT ADDED ENTRY--TOPICAL TERM | |
| Topical Term | India |
| Form subdivision | Army |
| 650 ## - SUBJECT ADDED ENTRY--TOPICAL TERM | |
| Topical Term | Soldiers |
| Form subdivision | India |
| 650 ## - SUBJECT ADDED ENTRY--TOPICAL TERM | |
| Topical Term | Army |
| Form subdivision | Military life |
| 710 ## - ADDED ENTRY--CORPORATE NAME | |
| Corporate name or jurisdiction name as entry element | Saxena, R.N. |
| 942 ## - ADDED ENTRY ELEMENTS (KOHA) | |
| Koha item type | Thesis |
| Source of classification or shelving scheme | Dewey Decimal Classification |
| Withdrawn status | Lost status | Damaged status | Not for loan | Home library | Current library | Date acquired | Full call number | Accession Number | Price effective from | Koha item type |
|---|---|---|---|---|---|---|---|---|---|---|
| NASSDOC Library | NASSDOC Library | 08/10/2004 | TC.0038 | 5673 | 18/04/2019 | Thesis |
